[Event "Vinnytsia"]
[Site "?"]
[Date "2016.04.02"]
[Round "8.5"]
[White "Macovei, Andrei"]
[Black "Itkis, Boris"]
[Result "1/2-1/2"]
[WhiteElo "2326"]
[BlackElo "2372"]
[PlyCount "31"]
[EventDate "2016.??.??"]

1. e4 e6 2. d4 d5 3. Nc3 Nf6 4. e5 Nfd7 5. f4 c5 6. Nf3 Nc6 7. Be3 Be7 8. Qd2
O-O 9. Be2 b6 10. O-O Bb7 11. Nd1 cxd4 12. Nxd4 Nc5 13. Nf2 Nxd4 14. Bxd4 Ne4
15. Qe3 Bc5 16. c3 1/2-1/2

[Event "Vinnytsia"]
[Site "?"]
[Date "2016.04.03"]
[Round "9.1"]
[White "Itkis, Boris"]
[Black "Buksa, Nataliya"]
[Result "1/2-1/2"]
[WhiteElo "2372"]
[BlackElo "2310"]
[PlyCount "44"]
[EventDate "2016.??.??"]

1. d4 Nf6 2. c4 g6 3. Nc3 d5 4. cxd5 Nxd5 5. e4 Nxc3 6. bxc3 Bg7 7. Nf3 O-O 8.
Be3 c5 9. Rc1 Qa5 10. Qd2 cxd4 11. cxd4 Qxd2+ 12. Kxd2 f5 13. Bc4+ Kh8 14. exf5
Bxf5 15. Ne5 Nc6 16. Nxc6 bxc6 17. Ke2 Rab8 18. Bb3 Be4 19. f3 Bd5 20. Rb1 Bxb3
21. Rxb3 Rxb3 22. axb3 Rb8 $11 1/2-1/2

[Event "Vinnytsia"]
[Site "?"]
[Date "2016.04.03"]
[Round "9.2"]
[White "Tregubov, Vadim"]
[Black "Macovei, Andrei"]
[Result "1/2-1/2"]
[WhiteElo "2305"]
[BlackElo "2326"]
[PlyCount "62"]
[EventDate "2016.??.??"]

1. e4 c5 2. Nf3 Nc6 3. d4 cxd4 4. Nxd4 g6 5. Nc3 Bg7 6. Be3 Nf6 7. Nxc6 bxc6 8.
e5 Ng8 9. Bd4 Qa5 10. Bc4 Bxe5 11. O-O Nh6 12. Re1 Bxd4 13. Qxd4 O-O 14. Bd3 d5
15. Rxe7 Bf5 16. Rae1 Bxd3 17. Qxd3 Nf5 18. R7e5 Qb4 19. b3 Rad8 20. Na4 Nd6
21. c3 Qa3 22. R5e2 Rfe8 23. g3 Re4 24. Rxe4 dxe4 25. Rxe4 Qxa2 26. c4 Qa1+ 27.
Kg2 Nxe4 28. Qxd8+ Kg7 29. Qd3 Qe5 30. Qe3 Qf5 31. Qd4+ Nf6 $11 1/2-1/2

[Event "Vinnytsia"]
[Site "?"]
[Date "2016.04.03"]
[Round "9.3"]
[White "Bykovskiy, Oleg"]
[Black "Romcovici, Victor"]
[Result "1-0"]
[WhiteElo "2229"]
[BlackElo "2123"]
[PlyCount "105"]
[EventDate "2016.??.??"]

1. g3 e5 2. Bg2 Nc6 3. c4 f5 4. Nc3 Nf6 5. e3 g6 6. d4 e4 7. Nge2 Bg7 8. O-O d6
9. Nf4 O-O 10. h4 a6 11. b3 Qe8 12. Bb2 h6 13. Ncd5 Qf7 14. Nxf6+ Bxf6 15. f3
exf3 16. Bxf3 Ne7 17. e4 Qg7 18. Kh2 c5 19. e5 dxe5 20. dxe5 Bxe5 21. Bxe5 Qxe5
22. Re1 Qf6 23. Rxe7 Qxe7 24. Nxg6 Qf6 25. Nxf8 Kxf8 26. Qg1 Kg7 27. Re1 Be6
28. Qxc5 Rd8 29. Re2 Rd7 30. Qe3 Bf7 31. c5 a5 32. Rf2 Bd5 33. Rd2 Re7 34. Qf4
Be4 35. Rd6 Re6 36. Rd7+ Re7 37. Qc7 Rxd7 38. Qxd7+ Kg8 39. Bxe4 fxe4 40. Qc8+
Kg7 41. Qxb7+ Kg8 42. Qd5+ Kg7 43. Qxe4 Qf2+ 44. Qg2 Qxc5 45. Qb2+ Kg6 46. a3
Qb5 47. Qc2+ Kg7 48. Qc7+ Kg6 49. Qc4 Qb6 50. Qg8+ Kf6 51. Qf8+ Kg6 52. h5+ Kg5
53. Qf4+ 1-0

[Event "Vinnytsia"]
[Site "?"]
[Date "2016.04.03"]
[Round "9.4"]
[White "Morozov, Nichita"]
[Black "Gudok, Viktor"]
[Result "1-0"]
[WhiteElo "2372"]
[BlackElo "2211"]
[PlyCount "47"]
[EventDate "2016.??.??"]

1. d4 Nf6 2. c4 g6 3. Nc3 Bg7 4. e4 d6 5. f3 O-O 6. Be3 Nc6 7. Nge2 a6 8. Qd2
Bd7 9. g4 b5 10. h4 e5 11. d5 b4 12. dxc6 bxc3 13. Nxc3 Bxc6 14. h5 Nd7 15.
O-O-O f5 16. hxg6 hxg6 17. c5 dxc5 18. Bc4+ Rf7 19. gxf5 gxf5 20. Bh6 Qf6 21.
Rdg1 Kf8 22. Bxf7 Bxh6 23. Qxh6+ Qxh6+ 24. Rxh6 1-0

[Event "Vinnytsia"]
[Site "?"]
[Date "2016.04.03"]
[Round "9.5"]
[White "Skliarov, Viktor"]
[Black "Matviishen, Viktor"]
[Result "0-1"]
[WhiteElo "2436"]
[BlackElo "2349"]
[PlyCount "104"]
[EventDate "2016.??.??"]

1. e4 c6 2. d4 d5 3. e5 Bf5 4. Nf3 e6 5. Be2 h6 6. O-O Ne7 7. Nbd2 Bh7 8. Nb3
Nd7 9. Bd2 Nf5 10. Rc1 b5 11. Ba5 Qb8 12. Bd3 h5 13. Ng5 Bg6 14. Qe2 a6 15. c3
c5 16. Nxc5 Bxc5 17. dxc5 Nxe5 18. f4 Nxd3 19. Qxd3 O-O 20. Qd2 Qa7 21. Qf2 Ne7
22. Nf3 Be4 23. Nd2 Bg6 24. Rfe1 Nc6 25. Bb6 Qd7 26. Nf3 Rae8 27. Rcd1 Qc8 28.
h3 f6 29. Nh4 Be4 30. f5 exf5 31. Ng6 Ne5 32. Nxf8 Rxf8 33. Qg3 g5 34. Rxe4
dxe4 35. Qe3 Kg7 36. Qd4 Rf7 37. Qd8 Qxd8 38. Bxd8 e3 39. Kf1 f4 40. Rd6 Nc4
41. Rd4 Ne5 42. Bb6 Kg6 43. a4 Kf5 44. Ke2 g4 45. hxg4+ hxg4 46. g3 fxg3 47.
Rd1 Re7 48. Bd8 Re6 49. Bc7 g2 50. Rg1 Ke4 51. axb5 axb5 52. Rd1 Nf3 0-1